Quizzes
Events
Quiz Creation
Community
Videos
Private Events
Remove Ads
Sign In
Join for FREE
Feedback
Dark Mode
Quiz Categories
Sports
Geography
Music
Movies
Television
Just For Fun
Miscellaneous
History
Literature
Language
Science
Gaming
Entertainment
Religion
Holiday
For Kids
Quiz Lab
Recent
Popular Today
Quiz Kudos Today
Editor Picks
Curator Picks
Quizzes by...
Day
Popularity
Type
Ratings
Length
Year
Community
Subscriptions
Recent Discussions
Orange Saloon
Badges
Playlists
Quests
Create
Leaderboards
Showdown
Live 5
Trivia Bingo
Activity
Puzzle Library
Sporcle Events
Private Events
Virtual Trivia
Globe League
Become a Host
Pub Owners
SporcleCon
Opinionation
Our Games
Videos
Blog
Mobile Apps
Partnerships
Remove Ads and Go Orange
Feedback
Television
TV Characters
TV Show
Sitcom
Network
Friends
Reality Shows
Cast
South Park
Star Trek
The Simpsons
Doctor Who
Television
TV Characters
TV Show
Sitcom
Network
Friends
Reality Shows
Cast
South Park
Star Trek
The Simpsons
Doctor Who
Random Quiz
Search Sporcle
×
Quiz Lab
Quiz Lab
Television
Quote
Type in answers that appear in a list
Type in answers that appear in a list
Classic
Best Score? Go Orange.
Guess the anime by quotes Stats
Can you name the Guess the anime by quotes?
By
jungkookoppa
10m
10 Questions
625 Plays
625 Plays
625 Plays
Comments
Comments
Give Quiz Kudos
Give Quiz Kudos
-
- Ratings
hide this ad
Replay
Link that replays current quiz
Next Quiz
Link to next quiz in quiz playlist
You Got
0%
They Got
Avg Score
29%
Avg Friend Score
Upgrade to see
Score Distribution
Jump to the score distribution portion of the page
Score
0/10
Timer
10:00
0
Plays Today
Hint
Answer
% Correct
'If you're a guild, then take care of your friends. That's all I have to say'
Fairy tail
79.7%
'Iron reaver, soul stealer' 'Sit Boy!'
Inuyasha
42.9%
'You rich bastards'
Ouran Highschool Host Club
37.3%
'I have two rules: First i'm never wrong. Second, if i'm wrong...back to the first rule'
Death Note
35.4%
'I'd rather trust and regret than doubt and regret'
Sword Art Online
29.4%
'Make one peep and i'll rape you'
My Little Monster
23.8%
My heart, Unlock'
Shugo Chara
17.9%
'An eye for an eye, a tooth for a tooth and evil for evil'
Code breaker
15.5%
'You gave me a forever within the numbered days, and i'm grateful'
Your lie in April
12.8%
'If you can be the best in the world, then I think it's worth a shot'
Chihayafuru
4.5%
Quiz Playlist
Details
Report
Send in Message
Add To Playlist
Classic:
Type in answers that appear in a list
Last Updated: May 18, 2020
Quiz Scoreboard
CHALLENGE
Sign Up to Join the Scoreboard
Show All
Scores
Hide
Comments
May contain spoilers
Recently Published
Presidents Visiting Landmarks
by Hejman
History
7m
An Introduction to Baseball
by treessimontrees
Sports
5m
Movies - When Are They Set?
by FPL_Elf
Movies
5m
More to Explore
Quiz From the Vault
Featured Blog Post
Where Did the Easter Bunny Come From?
hide this ad
You Might Also Like...
Tags
Anime Quiz
Quote Quiz
Today's Top Quizzes in Television
Browse Television
hide this ad
Today's Top Quizzes in Quote
Browse Quote
Top Contributed Quizzes in Television
1
One Piece Logic Puzzle
2
5-to-1: The Simpsons Families
3
Survivor Logic Puzzle: Heroes vs. Villains
4
5-to-1: Television Doctors
5
7-to-1: TV Show Settings
6
Survivor Seasons
7
5-to-1: Streaming Originals
8
Survivor Season by Logo
9
One Thing in Common: Television
10
TV Shows by First Names
Explore More
Trending Topics
Anime
Marvel
Kpop
Disney
Harry Potter
Crossword
NBA
WWE
Pokémon
The Office
Puzzle
Soccer
NFL
Country
Song
hide this ad
More By:
jungkookoppa
Quiz
Plays
Rating
Category
Featured
Created
Guess the anime by quotes
625
Television
Apr 12, 2016
Go to Creator's Profile
Score Distribution
Quiz Creator Spotlight
jungkookoppa
Follow
Send a Message
Quizzes Created
-
Created Quiz Play Count
-
More By This Creator
Popular Quizzes Today
1
Find the US States - No Outlines Minefield
2
Find the Countries of Europe - No Outlines Minefield
3
The Countries of the World
4
Find the US States
5
Popular People in 1961
6
US States
7
Risky Map Clicking: Biggest States A-Z
8
1-10 Letter E Words III
More Television Quizzes
Parks and Recreation Cast Photo
Quiz Lab
Trending Quizzes
Risky Map Clicking: Least Populous States A-Z
1-10 Letter G Words
1-10 Letter F Words
One Thing in Common: United Kingdom
Risky Map Clicking: Next State Alphabetically
Recently Updated
Leaping Animals
pecheneg
Reality TV Shows (A-Z)
bhenderson79
Rickey Henderson's Hall of Fame Teammates
pecheneg
Champions League XIs: Arsenal
pecheneg
Quick Pick: Celebrities in WWE's Hall of Fame
aduchscher
A-Z Keypad Blitz II
pecheneg
Multiple Oscar Actors
pecheneg
Mystery Phrase Blitz: Oscar 'Best Actors'
pecheneg
F. Scott Fitzgerald Novels
LTH
Pick 3 Villains
ddd62291
Trending Topics
Anime
Harry Potter
NBA
Kpop
Crossword
Disney
Marvel
Song
Pokémon
The Office
WWE
Soccer
NFL
Country
Puzzle
Your Account Isn't Verified!
In order to create a playlist on Sporcle, you need to verify the email address you used during registration. Go to your
Sporcle Settings
to finish the process.
Report this User
Report this user for behavior that violates our
Community Guidelines
.
Details:
Send Report
Go to the Sporcle.com Mobile Site →
Comments